| 000 | 00435nam a2200169Ia 4500 | ||
|---|---|---|---|
| 003 | GCL | ||
| 008 | 140319s9999 xx 000 0 eng d | ||
| 040 |
_aGCL / _cGCL |
||
| 082 | 0 | 4 |
_a150 _bR P |
| 100 | 1 | _aRUCH, FLAYB L. | |
| 245 | 1 | 0 |
_aPSYCHOLOGY AND LIFE, 5th ed / _cRUCH, FLAYB L. |
| 260 |
_a[S.N] : _bSCOTT, FORESMAN AND COMPANY ، _c1953 |
||
| 300 | _a624 P | ||
| 650 | 0 | 4 | _aLIFE |
| 650 | 0 | 4 | _aQUALITY OF LIFE |
| 942 |
_2ddc _cBK |
||
| 999 |
_c16734 _d16734 |
||